00942na a2200241 450000100060000000300080000600500170001400800410003102000150007204000250008704100080011208200250012024501260014524600620027126000580033330000310039149000610042261000320048365000590051565100370057470000270061174000620063818202MIRAKIL20181213154737.0161115b tu 000 0  a9757479950 aMilasbturcTR-AnCHP atur a956.1023bİ44 2004 aİlk meclis anketibbirinci dönem TBMM üyelerinin gelecekten beklediklericYayına hazırlayan Cihangir Gündoğdu aBirinci dönem TBMM üyelerinin gelecekten bekledikleri aAnkarabTBMM Kültür, Sanat ve Yayın Kuruluc2004 aviii, 382 s.bres.c33 sm. aTBMM Kültür, Sanat ve Yayın Kurulu Yayınlarıv100 aTBMM (1. dönem)xAnketler aMilletvekilleri (1. dönem)xGörüşleryAnketler aTürkiyexTarihyBirinci Meclis aGündoğdu, Cihangir aBirinci dönem TBMM üyelerinin gelecekten bekledikleri